000 00469nam a2200157 4500
999 _c15358
_d15358
008 200610b ||||| |||| 00| 0 eng d
020 _a978-1-47112540-9 (paperback)
082 _22013
_aDFic
_bM459
100 _aMckenzie, Sophie
_942196
245 _aFalling fast /
_cSophie Mckenzie.
260 _aNew York, NY :
_bSimon and Schuster,
_c2013.
300 _a246 pages ;
_c20 cm.
650 _aRomantic fiction.
_942197
365 _b145.00
_cPhp
942 _2ddc
_cDFIC